The pulpit commentary; vol. 14. (Record no. 1506)

000 -LEADER
fixed length control field 00608nam a2200193 a 4500
001 - CONTROL NUMBER
control field :::00017691$&:&@@
003 - CONTROL NUMBER IDENTIFIER
control field OkBaRHE
005 - DATE AND TIME OF LATEST TRANSACTION
control field 20100326165340.0
008 - FIXED-LENGTH DATA ELEMENTS--GENERAL INFORMATION
fixed length control field j 000 0 eng u
040 ## - CATALOGING SOURCE
Transcribing agency
100 1# - MAIN ENTRY--PERSONAL NAME
Personal name Spence, H. D. M and Exell, Joseph S.
245 14 - TITLE STATEMENT
Title The pulpit commentary; vol. 14.
260 ## - PUBLICATION, DISTRIBUTION, ETC. (IMPRINT)
Place of publication, distribution, etc McClean, VA., :
Name of publisher, distributor, etc MacDonald Publishing Company
300 ## - PHYSICAL DESCRIPTION
Extent v. (1-23).
650 ## - SUBJECT ADDED ENTRY--TOPICAL TERM
Topical term or geographic name as entry element Bible
General subdivision Commentaries
700 ## - ADDED ENTRY--PERSONAL NAME
Personal name Exell, Joseph S., Joint author.
942 ## - ADDED ENTRY ELEMENTS (KOHA)
Source of classification or shelving scheme
Koha item type Books
Copies
Permanent Location Shelving location Lost status Damaged status Full call number Date acquired Withdrawn status Copy number Price effective from Date last seen Koha item type Barcode Source of classification or shelving scheme Collection code Not for loan
RHEMA Bible Training CollegeGeneral Stacks  BS 491 .S772010-04-14 12010-04-142010-04-14Books17691 Reference